| 000 | 00652nam a2200217Ii 4500 | ||
|---|---|---|---|
| 003 | JO-AjNU | ||
| 008 | 230606s9999||||xx |||||||||||||| ||und|| | ||
| 020 | _a0-273-60500-3 | ||
| 040 |
_aJO-AjNU _beng _erda _cJO-AjNU |
||
| 041 | _aeng | ||
| 050 | 1 | 4 | _aHF5635 . L484 1994 |
| 100 | 3 |
_aLewis,Richard / Pendrill,David, _eauthor _93169 |
|
| 245 | 0 | 0 | _aAdvanced Financial Accounting |
| 250 | _a4th ed | ||
| 264 | 3 | 1 | _aLondon : Pitman ,1994 |
| 300 |
_a634p _b Includes appendix indexes (p521-634) |
||
| 336 |
_atext _btxt _2rdacontent |
||
| 337 |
_aunmediated _bn _2rdamedia |
||
| 338 |
_avolume _bnc _2rdacarrier |
||
| 650 | 4 |
_aFinancial Accounting _93170 |
|
| 999 |
_aE1660 _c1660 _d1660 |
||